00961nam a2200313Ia 4500008004100000020001900041100002200060245003800082245011800120260001500238260002000253260000900273300001700282300003200299300001100331440002300342440001100365500005200376650002200428650002000450650001300470650001900483650004900502650002200551650002200573650002200595650002200617700000800639160803s9999 xx 000 0 und d a978-0545021340 aStilton, Geronimo aGeronimo Stilton, secret agent /  cGeronimo Stilton ; illustrations by Cleo Bianca and Christian Aliprandi ; English translation by Atlantyca S.p.A. aNew York : bScholastic Inc. c2007 a109 pages :  bcolor illustrations, maps ; c20 cm. aGeronimo Stilton : vbk. 34 aTranslation of: Agente segreto zero zero kappa. aHumorous stories. aJournalists --  aMice --  aNewspapers --  aStilton, Geronimo (Fictitious character) --  xJuvenile fiction. xJuvenile Fiction. xJuvenile Fiction. xJuvenile Fiction. a490